| 000 | 00911nam a22003017a 4500 | ||
|---|---|---|---|
| 001 | BR9802460 | ||
| 003 | BR-BrBNA | ||
| 005 | 20230928095921.0 | ||
| 007 | ta | ||
| 008 | 230509b bl.||||| |||| 00| 0 por d | ||
| 040 |
_aBR-BrBNA _bpor _cBiblioteca Nacional de Agricultura |
||
| 041 | _a(Por) | ||
| 072 | _aE13 | ||
| 090 | _ E13 BR9802460 | ||
| 110 | 1 |
_aMinisterio do Planejamento e Orcamento, Brasilia, DF (Brasil). Secretaria Especial de Politicas Regionais _97152 |
|
| 245 | 1 | _aSistema de informacoes gerenciais: fundo constitucionais de financiamento; FCO-FNE-FNO | |
| 260 | 3 |
_aBrasilia, DF (Brasil): _c1998. |
|
| 300 | _a79 p. | ||
| 500 | _a50 tables; 38 graphs | ||
| 650 | _aFinanciamento | ||
| 650 | _aInstituicao Financeira | ||
| 650 | _aPolitica Monetaria | ||
| 650 | _aCentro-Oeste | ||
| 650 | _aNordeste | ||
| 650 | _aNorte | ||
| 909 |
_a202309 _bLucia _c55 _dLucia Elande |
||
| 942 | _cBK | ||
| 999 |
_c59394 _d59394 |
||